[Event "Buenos Aires-ch U20"]
[Site "Buenos Aires"]
[Date "2015.04.03"]
[Round "4"]
[White "Fabian, Gaston"]
[Black "Besso, Guadalupe"]
[Result "1-0"]
[WhiteElo "2355"]
[BlackElo "1986"]
[PlyCount "55"]
[EventDate "2015.04.02"]
[EventType "swiss"]
[EventRounds "8"]
[EventCountry "ARG"]
[SourceTitle "CBM 165 Extra"]
[Source "ChessBase"]
[SourceDate "2015.04.21"]
[SourceVersion "1"]
[SourceVersionDate "2015.04.21"]
[SourceQuality "1"]

1. d4 Nf6 2. c4 g6 3. Nc3 d5 4. Nf3 Bg7 5. Qb3 dxc4 6. Qxc4 Na6 7. e4 c5 8. d5 0-0 9. Be2 Qb6 10. 0-0 e6 11. Rd1 exd5 12. exd5 Bg4 13. h3 Bxf3 14. Bxf3 Nd7 15. Be2 Rfe8 16. Qb5 Nb4 17. Qxd7 Bxc3 18. bxc3 Nc2 19. Be3 Nxa1 20. Rxa1 Qb2 21. Re1 Qxc3 22. Rd1 Qb2 23. Qb5 Qc2 24. Qc4 Qxc4 25. Bxc4 a6 26. d6 b5 27. Bd5 Rad8 28. Bxc5 1-0

[Event "Buenos Aires-ch U20"]
[Site "Buenos Aires"]
[Date "2015.04.02"]
[Round "1"]
[White "Lozano, Betania"]
[Black "Fabian, Gaston"]
[Result "1/2-1/2"]
[WhiteElo "2006"]
[BlackElo "2355"]
[PlyCount "65"]
[EventDate "2015.04.02"]
[EventType "swiss"]
[EventRounds "8"]
[EventCountry "ARG"]
[SourceTitle "CBM 165 Extra"]
[Source "ChessBase"]
[SourceDate "2015.04.21"]
[SourceVersion "1"]
[SourceVersionDate "2015.04.21"]
[SourceQuality "1"]

1. c4 c5 2. Nc3 Nc6 3. Nf3 e5 4. g3 g6 5. Bg2 Bg7 6. Rb1 d6 7. d3 Nge7 8. a3 a5 9. h4 h6 10. Bd2 Be6 11. Qc1 Rb8 12. 0-0 Qd7 13. Nb5 b6 14. e4 f5 15. Re1 f4 16. gxf4 0-0 17. f5 gxf5 18. Bxh6 f4 19. Bxg7 Kxg7 20. Kf1 Bg4 21. Ke2 Rh8 22. Kd2 Bxf3 23. Bxf3 Rxh4 24. Rg1+ Kf6 25. Qf1 Nd4 26. Qg2 Rg8 27. Qxg8 Nxg8 28. Rxg8 Rh2 29. Rbg1 Rxf2+ 30. Ke1 Rxf3 31. R1g6+ Kf7 32. R6g7+ Ke6 33. Rg6+ 1/2-1/2

[Event "ARG-ch 87th"]
[Site "Villa Martelli"]
[Date "2013.04.11"]
[Round "9"]
[White "Slipak, Sergio"]
[Black "Fabian, Gaston"]
[Result "1/2-1/2"]
[WhiteElo "2438"]
[BlackElo "2336"]
[PlyCount "31"]
[EventDate "2013.04.03"]
[EventType "swiss"]
[EventRounds "11"]
[EventCountry "ARG"]
[SourceTitle "CBM 153 Extra"]
[Source "ChessBase"]
[SourceDate "2013.04.22"]
[SourceVersion "1"]
[SourceVersionDate "2013.04.22"]
[SourceQuality "1"]

1. d4 Nf6 2. c3 d5 3. Bg5 e6 4. Nd2 Be7 5. e3 0-0 6. Bd3 Nbd7 7. f4 c5 8. Ngf3 h6 9. Bxf6 Nxf6 10. Ne5 Nd7 11. Qh5 Nxe5 12. fxe5 Bg5 13. Ke2 cxd4 14. cxd4 Bd7 15. h4 Be7 16. Rh3 1/2-1/2

[Event "ARG-ch 87th"]
[Site "Villa Martelli"]
[Date "2013.04.09"]
[Round "7"]
[White "Fabian, Gaston"]
[Black "Fiori, Hector Dionisio"]
[Result "1-0"]
[WhiteElo "2336"]
[BlackElo "2171"]
[PlyCount "87"]
[EventDate "2013.04.03"]
[EventType "swiss"]
[EventRounds "11"]
[EventCountry "ARG"]
[SourceTitle "CBM 153 Extra"]
[Source "ChessBase"]
[SourceDate "2013.04.22"]
[SourceVersion "1"]
[SourceVersionDate "2013.04.22"]
[SourceQuality "1"]

1. Nf3 Nf6 2. c4 e6 3. Nc3 c5 4. g3 b6 5. Bg2 Bb7 6. 0-0 Be7 7. d4 cxd4 8. Qxd4 d6 9. Bg5 Nbd7 10. Nb5 d5 11. cxd5 Bxd5 12. Rfd1 0-0 13. Nc3 Rc8 14. Nxd5 Nxd5 15. Bxe7 Qxe7 16. e4 N5f6 17. e5 Nd5 18. Nh4 Rfd8 19. Bxd5 exd5 20. f4 Nf8 21. Nf5 Qe6 22. Nd6 Rc2 23. Rac1 Rxc1 24. Rxc1 g6 25. Rd1 Nd7 26. Qxd5 Qxd5 27. Rxd5 Nc5 28. Ne4 Rc8 29. Nxc5 bxc5 30. Rd7 Rb8 31. b3 c4 32. bxc4 Rb1+ 33. Kf2 Rb2+ 34. Ke3 Rxa2 35. Kd3 a5 36. c5 Ra1 37. c6 Kf8 38. c7 Rd1+ 39. Ke2 Rxd7 40. c8Q+ Ke7 41. Qc5+ Ke8 42. Qxa5 Kf8 43. Qc5+ Kg7 44. g4 1-0

[Event "ARG-ch 87th"]
[Site "Villa Martelli"]
[Date "2013.04.05"]
[Round "3"]
[White "Fabian, Gaston"]
[Black "Valerga, Diego"]
[Result "0-1"]
[WhiteElo "2336"]
[BlackElo "2502"]
[PlyCount "64"]
[EventDate "2013.04.03"]
[EventType "swiss"]
[EventRounds "11"]
[EventCountry "ARG"]
[SourceTitle "CBM 153 Extra"]
[Source "ChessBase"]
[SourceDate "2013.04.22"]
[SourceVersion "1"]
[SourceVersionDate "2013.04.22"]
[SourceQuality "1"]

1. Nf3 d5 2. d4 Nf6 3. c4 e6 4. g3 Bb4+ 5. Bd2 Be7 6. Bg2 0-0 7. 0-0 c6 8. Qc2 Nbd7 9. Bf4 a5 10. Rd1 Ne4 11. Nfd2 f5 12. Nxe4 fxe4 13. f3 exf3 14. Bxf3 e5 15. dxe5 g5 16. cxd5 gxf4 17. d6 Nxe5 18. dxe7 Qxe7 19. Nd2 fxg3 20. hxg3 Bf5 21. Qb3+ Be6 22. Qe3 Bxa2 23. Kg2 Be6 24. Ra4 Rae8 25. Qh6 b5 26. Rxa5 Ng4 27. Bxg4 Bxg4 28. Re1 Qc5 29. Kh1 Re6 30. Qh4 Qd5+ 31. e4 Qxd2 32. Qxg4+ Rg6 0-1

[Event "Buenos Aires La Porta op-A"]
[Site "Buenos Aires"]
[Date "2012.12.17"]
[Round "3"]
[White "Fabian, Gaston"]
[Black "Mareco, Sandro"]
[Result "0-1"]
[WhiteElo "2340"]
[BlackElo "2568"]
[PlyCount "72"]
[EventDate "2012.12.15"]
[EventType "swiss"]
[EventRounds "9"]
[EventCountry "ARG"]
[SourceTitle "CBM 152 Extra"]
[Source "ChessBase"]
[SourceDate "2013.02.25"]
[SourceVersion "1"]
[SourceVersionDate "2013.02.25"]
[SourceQuality "1"]

1. Nf3 Nf6 2. c4 g6 3. Nc3 Bg7 4. d4 0-0 5. e4 d6 6. Be2 e5 7. 0-0 exd4 8. Nxd4 Re8 9. f3 c6 10. Kh1 Nh5 11. g4 Nf6 12. Bf4 h5 13. g5 Nh7 14. Rg1 Qe7 15. Be3 Nd7 16. Qd2 Nc5 17. Rad1 a5 18. Bf1 a4 19. Re1 f6 20. gxf6 Qxf6 21. Qg2 g5 22. Nc2 Ne6 23. e5 Qxe5 24. Bd4 Qf4 25. Bxg7 Kxg7 26. Re4 Qf8 27. Bd3 Nf4 28. Rxe8 Qxe8 29. Qd2 Nxd3 30. Qxd3 Qe5 31. Re1 Bf5 32. Qd4 Qf6 33. Re7+ Kf8 34. Rxh7 Qxd4 35. Nxd4 Bxh7 36. Ne6+ Ke7 0-1

[Event "American Continental 08th"]
[Site "Mar del Plata"]
[Date "2012.10.19"]
[Round "9"]
[White "Fabian, Gaston"]
[Black "Lingua, Alejo"]
[Result "1-0"]
[WhiteElo "2344"]
[BlackElo "2232"]
[PlyCount "81"]
[EventDate "2012.10.12"]
[EventType "swiss"]
[EventRounds "11"]
[EventCountry "ARG"]
[SourceTitle "EXT 2013"]
[Source "ChessBase"]
[SourceDate "2012.11.22"]
[SourceVersion "1"]
[SourceVersionDate "2012.11.22"]
[SourceQuality "1"]

1. d4 Nf6 2. c4 c5 3. d5 b5 4. cxb5 a6 5. f3 axb5 6. e4 Qa5+ 7. Bd2 b4 8. Na3 d6 9. Nc4 Qc7 10. a3 bxa3 11. Rxa3 Rxa3 12. bxa3 g6 13. Bd3 Bg7 14. Ne2 0-0 15. 0-0 Nbd7 16. Qa4 Bb7 17. Rb1 Re8 18. Qc2 Ba6 19. Nc3 Bxc4 20. Bxc4 Ne5 21. Be2 c4 22. Be3 Qa5 23. a4 Nfd7 24. Rb5 Qa6 25. f4 Nd3 26. Bxd3 cxd3 27. Qxd3 Bxc3 28. Qxc3 Qxa4 29. Qd3 Nf6 30. Bd4 Nxe4 31. Rb7 Nf6 32. Rxe7 Nxd5 33. Re4 Qc6 34. h3 Nc7 35. f5 Qd5 36. fxg6 hxg6 37. Rh4 f5 38. Rh8+ Kf7 39. Rh7+ Kg8 40. Rg7+ Kf8 41. Rxc7 1-0

[Event "American Continental 08th"]
[Site "Mar del Plata"]
[Date "2012.10.15"]
[Round "5"]
[White "Benedetti, Julio"]
[Black "Fabian, Gaston"]
[Result "0-1"]
[WhiteElo "2117"]
[BlackElo "2344"]
[PlyCount "66"]
[EventDate "2012.10.12"]
[EventType "swiss"]
[EventRounds "11"]
[EventCountry "ARG"]
[SourceTitle "EXT 2013"]
[Source "ChessBase"]
[SourceDate "2012.11.22"]
[SourceVersion "1"]
[SourceVersionDate "2012.11.22"]
[SourceQuality "1"]

1. e4 e6 2. d4 d5 3. exd5 exd5 4. Nf3 Nc6 5. c3 Bd6 6. Bd3 Bg4 7. 0-0 Qd7 8. a4 0-0-0 9. Na3 Nge7 10. Nb5 Kb8 11. b4 Rde8 12. a5 Nd8 13. Bg5 f6 14. Nxd6 cxd6 15. Bc1 g5 16. Bc2 Ng6 17. Qd3 Re4 18. Bd1 Ne6 19. Ba4 Qc8 20. a6 b6 21. g3 Bh3 22. Rd1 Ngf4 23. Bxf4 Nxf4 24. Qb5 Ne2+ 25. Kh1 Nxc3 26. Qc6 Qxc6 27. Bxc6 Nxd1 28. Rxd1 Bg4 29. Kg2 Bxf3+ 30. Kxf3 g4+ 31. Kg2 Rc8 32. b5 Rxc6 33. bxc6 Kc7 0-1

[Event "Buenos Aires Yael Torre Blanca-A"]
[Site "Buenos Aires"]
[Date "2012.07.??"]
[Round "5"]
[White "Diaz Hollemaert, Nahuel Carlos"]
[Black "Fabian, Gaston"]
[Result "1/2-1/2"]
[WhiteElo "2409"]
[BlackElo "2338"]
[PlyCount "37"]
[EventDate "2012.07.30"]
[EventType "tourn"]
[EventRounds "9"]
[EventCountry "ARG"]
[SourceTitle "EXT 2024"]
[Source "ChessBase"]
[SourceDate "2023.10.10"]
[SourceVersion "1"]
[SourceVersionDate "2023.10.10"]
[SourceQuality "1"]

1. c4 c5 2. Nc3 Nc6 3. g3 g6 4. h4 Nf6 5. Bg2 Bg7 6. a3 d6 7. Rb1 a5 8. d3 Bd7 9. Bd2 Rb8 10. Nf3 Na7 11. b4 axb4 12. axb4 cxb4 13. Rxb4 0-0 14. Qa1 b5 15. Qxa7 Ra8 16. Qb7 Rb8 17. Qa7 Ra8 18. Qb7 Rb8 19. Qa7 1/2-1/2

[Event "Buenos Aires Yael Torre Blanca-B"]
[Site "Buenos Aires"]
[Date "2012.07.??"]
[Round "8"]
[White "Fabian, Gaston"]
[Black "Barrionuevo, Pablo"]
[Result "1/2-1/2"]
[WhiteElo "2338"]
[BlackElo "2318"]
[PlyCount "119"]
[EventDate "2012.07.21"]
[EventType "tourn"]
[EventRounds "9"]
[EventCountry "ARG"]
[SourceTitle "EXT 2024"]
[Source "ChessBase"]
[SourceDate "2023.10.10"]
[SourceVersion "1"]
[SourceVersionDate "2023.10.10"]
[SourceQuality "1"]

1. Nf3 Nf6 2. c4 g6 3. Nc3 d5 4. Qa4+ Bd7 5. Qb3 dxc4 6. Qxc4 a6 7. d4 Bg7 8. g3 0-0 9. Bg2 Bc6 10. 0-0 Nd5 11. Qd3 Nxc3 12. bxc3 Nd7 13. Bf4 Re8 14. Rfd1 Ba4 15. Rd2 c5 16. Rb1 cxd4 17. cxd4 Bb5 18. Qb3 e6 19. a4 Bc6 20. Ng5 Qa5 21. Bxc6 bxc6 22. Qb7 Reb8 23. Bxb8 Rxb8 24. Qxb8+ Nxb8 25. Rxb8+ Bf8 26. Nf3 Kg7 27. Rdb2 Bd6 28. Rc8 Qxa4 29. Rb7 Qd1+ 30. Kg2 Qxe2 31. Rd8 Qe4 32. Rdd7 h6 33. Rxf7+ Kg8 34. Rfd7 Bf8 35. Rd8 g5 36. Rbb8 g4 37. Rxf8+ Kg7 38. Rg8+ Kf6 39. Rbf8+ Ke7 40. Re8+ Kd6 41. Rd8+ Kc7 42. Rc8+ Kb6 43. Rb8+ Ka5 44. Rgf8 gxf3+ 45. Rxf3 Ka4 46. Rbb3 Qxd4 47. Rbd3 Qe4 48. Kf1 Kb5 49. Rb3+ Kc5 50. Rfc3+ Kd6 51. f3 Qa4 52. Rd3+ Kc7 53. g4 a5 54. Kg2 Qf4 55. Ra3 Kb6 56. Rab3+ Kc7 57. Ra3 Kb6 58. Rab3+ Kc7 59. Ra3 Kb6 60. Rab3+ 1/2-1/2

[Event "Buenos Aires Yael Torre Blanca-A"]
[Site "Buenos Aires"]
[Date "2012.07.??"]
[Round "2"]
[White "Fabian, Gaston"]
[Black "Latorre Lopez Moreira, Luis Matias"]
[Result "1/2-1/2"]
[WhiteElo "2338"]
[BlackElo "2217"]
[PlyCount "139"]
[EventDate "2012.07.30"]
[EventType "tourn"]
[EventRounds "9"]
[EventCountry "ARG"]
[SourceTitle "EXT 2024"]
[Source "ChessBase"]
[SourceDate "2023.10.10"]
[SourceVersion "1"]
[SourceVersionDate "2023.10.10"]
[SourceQuality "1"]

1. c4 e6 2. Nf3 Nf6 3. Nc3 d5 4. d4 Nbd7 5. Bg5 Bb4 6. cxd5 exd5 7. e3 c5 8. dxc5 Qa5 9. Rc1 Ne4 10. Qxd5 Nxc3 11. bxc3 Bxc3+ 12. Kd1 0-0 13. Bc4 Nf6 14. Bxf6 Bxf6 15. Ke2 Be6 16. Qe4 Rae8 17. Bxe6 Rxe6 18. Qxb7 Qxa2+ 19. Nd2 Re7 20. Qb3 Qa6+ 21. Qc4 Qc6 22. Nf3 Re4 23. Qb3 a5 24. Rhd1 a4 25. Qb6 Qxb6 26. cxb6 Rb4 27. Rb1 Bb2 28. Rd4 Rxd4 29. Nxd4 a3 30. Nc6 a2 31. Rd1 a1Q 32. Rxa1 Bxa1 33. f4 f5 34. b7 Kf7 35. b8Q Rxb8 36. Nxb8 Ke6 37. Nc6 Kd5 38. Nb4+ Ke4 39. Nd3 Bf6 40. Nf2+ Kd5 41. Kd3 Ba1 42. g4 g6 43. g5 Bg7 44. Nh1 h6 45. h4 hxg5 46. hxg5 Ke6 47. Ng3 Kf7 48. Ne2 Bf8 49. Nd4 Ba3 50. Nf3 Kg7 51. Ne5 Bc5 52. Nd7 Ba7 53. e4 fxe4+ 54. Kxe4 Bf2 55. Ne5 Be1 56. Nf3 Bc3 57. Kd5 Bb2 58. Ne5 Bc1 59. Nd3 Bd2 60. Ke6 Be3 61. Ke7 Bd2 62. Kd6 Be3 63. Ke6 Bd2 64. Ke7 Be3 65. Ke8 Bd4 66. Nb4 Be3 67. Nd5 Bc5 68. Nc7 Ba3 69. Ne6+ Kg8 70. Nc7 1/2-1/2

[Event "Buenos Aires Yael Torre Blanca-B"]
[Site "Buenos Aires"]
[Date "2012.07.??"]
[Round "7"]
[White "Molina, Roberto Junio Brito"]
[Black "Fabian, Gaston"]
[Result "1/2-1/2"]
[WhiteElo "2313"]
[BlackElo "2338"]
[PlyCount "35"]
[EventDate "2012.07.21"]
[EventType "tourn"]
[EventRounds "9"]
[EventCountry "ARG"]
[SourceTitle "EXT 2024"]
[Source "ChessBase"]
[SourceDate "2023.10.10"]
[SourceVersion "1"]
[SourceVersionDate "2023.10.10"]
[SourceQuality "1"]

1. d4 Nf6 2. c4 e6 3. Nf3 b6 4. g3 Ba6 5. Qa4 Be7 6. Bg2 c6 7. Nc3 0-0 8. 0-0 d5 9. Ne5 Qe8 10. cxd5 cxd5 11. Qxe8 Rxe8 12. Bg5 h6 13. Bxf6 Bxf6 14. Rfd1 Bxe5 15. dxe5 Nc6 16. f4 Rac8 17. Rac1 Na5 18. Kf2 1/2-1/2

[Event "Latin Cup"]
[Site "Montevideo"]
[Date "2011.11.03"]
[Round "4"]
[White "Fabian, Gaston"]
[Black "Genta, Alejandro"]
[Result "1-0"]
[WhiteElo "2352"]
[BlackElo "2123"]
[PlyCount "69"]
[EventDate "2011.11.01"]
[EventType "swiss"]
[EventRounds "9"]
[EventCountry "URU"]
[SourceTitle "EXT 2012"]
[Source "ChessBase"]
[SourceDate "2011.11.24"]
[SourceVersion "1"]
[SourceVersionDate "2011.11.24"]
[SourceQuality "1"]

1. d4 d5 2. c4 e6 3. Nc3 Nf6 4. Nf3 Be7 5. Bg5 Nbd7 6. e3 0-0 7. Qc2 a6 8. Rd1 c6 9. Bd3 h6 10. Bh4 b5 11. b3 Re8 12. 0-0 Qa5 13. c5 Bd8 14. Bg3 b4 15. Na4 Bc7 16. e4 Bxg3 17. hxg3 dxe4 18. Bxe4 Qc7 19. Nb6 Ra7 20. Nc4 Rd8 21. Nd6 Nxe4 22. Qxe4 Nf6 23. Qh4 Ne8 24. Nc4 a5 25. Rfe1 Ba6 26. Nce5 Rda8 27. g4 f6 28. Ng6 Bc8 29. Qh5 Qf7 30. Nf4 Qxh5 31. gxh5 Kf7 32. Nd2 Re7 33. Nc4 Nc7 34. Ng6 Rd7 35. Nb6 1-0

[Event "Latin Cup"]
[Site "Montevideo"]
[Date "2011.11.03"]
[Round "3"]
[White "Villareal, Julio"]
[Black "Fabian, Gaston"]
[Result "0-1"]
[WhiteElo "1942"]
[BlackElo "2352"]
[PlyCount "92"]
[EventDate "2011.11.01"]
[EventType "swiss"]
[EventRounds "9"]
[EventCountry "URU"]
[SourceTitle "EXT 2012"]
[Source "ChessBase"]
[SourceDate "2011.11.24"]
[SourceVersion "1"]
[SourceVersionDate "2011.11.24"]
[SourceQuality "1"]

1. b4 e5 2. Bb2 e4 3. e3 Nf6 4. a3 d5 5. c4 c6 6. Qb3 Be7 7. Ne2 0-0 8. Nf4 Na6 9. d4 Nc7 10. Nd2 Bd6 11. Ne2 Be6 12. c5 Be7 13. Nc3 Nd7 14. Be2 f5 15. g3 Qe8 16. a4 Qf7 17. b5 Rab8 18. Qd1 g5 19. Nb3 Nf6 20. Ba3 Kh8 21. Na5 Bd7 22. Ra2 Ne6 23. Rb2 f4 24. Qb1 Bd8 25. b6 a6 26. h3 Ng7 27. g4 f3 28. Bf1 h5 29. Kd2 Kg8 30. Na2 hxg4 31. hxg4 Nxg4 32. Kc3 Nf6 33. Nb4 g4 34. Rd2 Nf5 35. Qe1 Qg7 36. Bc1 Kf7 37. Bxa6 bxa6 38. Naxc6 Bxc6 39. Nxc6 Bxb6 40. cxb6 Rfc8 41. a5 Rxc6+ 42. Kb3 Ke6 43. Ba3 Rc4 44. Qg1 Qd7 45. Qh2 Qb5+ 46. Ka2 g3 0-1

[Event "Buenos Aires Duchamp op 1st"]
[Site "Buenos Aires"]
[Date "2011.09.18"]
[Round "6"]
[White "Lemos, Damian"]
[Black "Fabian, Gaston"]
[Result "1/2-1/2"]
[WhiteElo "2543"]
[BlackElo "2358"]
[PlyCount "82"]
[EventDate "2011.09.12"]
[EventType "swiss"]
[EventRounds "9"]
[EventCountry "ARG"]
[SourceTitle "CBM 144 Extra"]
[Source "ChessBase"]
[SourceDate "2011.10.28"]
[SourceVersion "1"]
[SourceVersionDate "2011.10.28"]
[SourceQuality "1"]

1. Nf3 Nf6 2. c4 g6 3. g3 Bg7 4. Bg2 0-0 5. 0-0 c6 6. b3 d5 7. Bb2 dxc4 8. bxc4 c5 9. d4 Qb6 10. Qb3 Ne4 11. e3 Nc6 12. Ne5 Nd6 13. Nxc6 bxc6 14. dxc5 Qxc5 15. Bxg7 Kxg7 16. Nd2 Be6 17. Rfc1 Rab8 18. Qc3+ Kg8 19. Nb3 Qxc4 20. Qa5 Qb4 21. Qxb4 Rxb4 22. Nc5 Bc4 23. Nd7 Rc8 24. Ne5 Bd5 25. Nxc6 Bxc6 26. Bxc6 Rb6 27. Bd5 e6 28. Bb3 Rbc6 29. Rxc6 Rxc6 30. Rd1 Kf8 31. Rd4 Ke7 32. Kg2 h5 33. Rf4 Rc7 34. Kf3 Rb7 35. Ra4 Rc7 36. Ke2 Nf5 37. Ra5 Nd6 38. h3 Ne4 39. Kf3 Nd2+ 40. Ke2 Nxb3 41. axb3 Rb7 1/2-1/2

[Event "Buenos Aires Duchamp op 1st"]
[Site "Buenos Aires"]
[Date "2011.09.17"]
[Round "5"]
[White "Fabian, Gaston"]
[Black "Quenallata, Luciano"]
[Result "1-0"]
[WhiteElo "2358"]
[BlackElo "2221"]
[PlyCount "76"]
[EventDate "2011.09.12"]
[EventType "swiss"]
[EventRounds "9"]
[EventCountry "ARG"]
[SourceTitle "EXT 2014"]
[Source "ChessBase"]
[SourceDate "2013.11.20"]
[SourceVersion "1"]
[SourceVersionDate "2013.11.20"]
[SourceQuality "1"]

1. Nf3 Nf6 2. c4 e6 3. g3 b6 4. Bg2 Bb7 5. 0-0 Be7 6. Nc3 0-0 7. Re1 c5 8. e4 d6 9. d4 a6 10. d5 exd5 11. exd5 Nbd7 12. a4 Re8 13. Qd3 Nf8 14. Nh4 Bc8 15. Nf5 Bxf5 16. Qxf5 Ng6 17. Bd2 Ne5 18. b3 Qd7 19. Qc2 Qg4 20. h3 Nf3+ 21. Bxf3 Qxf3 22. Re3 Qh5 23. Rae1 Bf8 24. Rxe8 Rxe8 25. Rxe8 Nxe8 26. Kg2 Nf6 27. Bf4 Be7 28. g4 Qg6 29. Qxg6 hxg6 30. Kf3 Kf8 31. g5 Ne8 32. Ne4 f5 33. Nc3 Bd8 34. h4 Be7 35. Bd2 Kf7 36. Ne2 a5 37. Nf4 Nc7 38. Bc3 Bf8 1-0

[Event "Buenos Aires Duchamp op 1st"]
[Site "Buenos Aires"]
[Date "2011.09.15"]
[Round "4"]
[White "Juliarena, Agustin"]
[Black "Fabian, Gaston"]
[Result "0-1"]
[WhiteElo "2094"]
[BlackElo "2358"]
[PlyCount "32"]
[EventDate "2011.09.12"]
[EventType "swiss"]
[EventRounds "9"]
[EventCountry "ARG"]
[SourceTitle "CBM 144 Extra"]
[Source "ChessBase"]
[SourceDate "2011.10.28"]
[SourceVersion "1"]
[SourceVersionDate "2011.10.28"]
[SourceQuality "1"]

1. d4 Nf6 2. c4 g6 3. Nc3 d5 4. Nf3 Bg7 5. Bg5 Ne4 6. cxd5 Nxg5 7. Nxg5 e6 8. Qd2 h6 9. Nh3 exd5 10. Nf4 0-0 11. e3 c5 12. Be2 cxd4 13. exd4 Nc6 14. 0-0 Nxd4 15. Nfxd5 Be6 16. Nf4 Nf3+ 0-1

[Event "Villa Martelli ITT"]
[Site "Villa Martelli"]
[Date "2011.08.09"]
[Round "9"]
[White "Fabian, Gaston"]
[Black "Latorre Lopez Moreira, Luis Matias"]
[Result "1-0"]
[WhiteElo "2317"]
[BlackElo "2258"]
[PlyCount "89"]
[EventDate "2011.08.01"]
[EventType "tourn"]
[EventRounds "9"]
[EventCountry "ARG"]
[EventCategory "3"]
[SourceTitle "CBM 143 Extra"]
[Source "ChessBase"]
[SourceDate "2011.08.29"]
[SourceVersion "1"]
[SourceVersionDate "2011.08.29"]
[SourceQuality "1"]

1. d4 d5 2. c4 c6 3. Nf3 Nf6 4. Nc3 dxc4 5. a4 Bg4 6. Ne5 Nbd7 7. Nxc4 e6 8. f3 Bh5 9. e4 b5 10. axb5 cxb5 11. Ne3 b4 12. Ne2 Nb6 13. Nf4 Bg6 14. Bb5+ Nfd7 15. h4 Qc7 16. e5 Rc8 17. h5 Bc2 18. Nxc2 Qxc2 19. Qxc2 Rxc2 20. 0-0 Rc7 21. Be3 Kd8 22. Rfc1 Rxc1+ 23. Bxc1 Nc8 24. Bd2 Ndb6 25. Nd3 Kc7 26. Nxb4 Bxb4 27. Bxb4 Rd8 28. Bc5 Kb8 29. Bd3 Nd7 30. Bxh7 Nxc5 31. dxc5 Rd5 32. Bg8 Rxc5 33. Re1 Rc7 34. g4 Nb6 35. g5 Nd5 36. Re4 Rc1+ 37. Kg2 Rc2+ 38. Kg3 Rc1 39. Bxf7 Rg1+ 40. Kf2 Rxg5 41. Bxe6 Ne7 42. Bg4 Nc6 43. e6 Ne7 44. Rd4 Rb5 45. Rd8+ 1-0

[Event "Villa Martelli ITT"]
[Site "Villa Martelli"]
[Date "2011.08.06"]
[Round "6"]
[White "Mayorga, Nicolas"]
[Black "Fabian, Gaston"]
[Result "1/2-1/2"]
[WhiteElo "2330"]
[BlackElo "2317"]
[PlyCount "83"]
[EventDate "2011.08.01"]
[EventType "tourn"]
[EventRounds "9"]
[EventCountry "ARG"]
[EventCategory "3"]
[SourceTitle "CBM 143 Extra"]
[Source "ChessBase"]
[SourceDate "2011.08.29"]
[SourceVersion "1"]
[SourceVersionDate "2011.08.29"]
[SourceQuality "1"]

1. d4 Nf6 2. c4 g6 3. f3 d5 4. cxd5 Nxd5 5. e4 Nb6 6. Nc3 Bg7 7. Be3 0-0 8. Qd2 Nc6 9. 0-0-0 Qd6 10. Nb5 Qd7 11. d5 Ne5 12. Qc2 c6 13. dxc6 Qxc6 14. Qxc6 bxc6 15. Nc7 Rb8 16. b3 a5 17. Na6 Bxa6 18. Bxa6 a4 19. Be2 axb3 20. axb3 f5 21. f4 Nf7 22. exf5 Nd5 23. Bd4 Rxb3 24. fxg6 hxg6 25. Bc4 Rb4 26. Bxd5 Bxd4 27. Be6 Be3+ 28. Kc2 Bxf4 29. Nf3 Kg7 30. Nd4 c5 31. Nc6 Rb6 32. Bd7 Ne5 33. Nxe5 Bxe5 34. g3 Rb2+ 35. Kd3 Rff2 36. Ke4 Bd6 37. h4 Bxg3 38. h5 Rbe2+ 39. Kd3 gxh5 40. Rxh5 Bf4 41. Rg1+ Rg2 42. Rxg2+ 1/2-1/2

[Event "Buenos Aires Grafica Yael-B 2nd"]
[Site "Buenos Aires"]
[Date "2011.07.21"]
[Round "9"]
[White "Granara Barreto, Sebastian A"]
[Black "Fabian, Gaston"]
[Result "1/2-1/2"]
[WhiteElo "2178"]
[BlackElo "2317"]
[PlyCount "94"]
[EventDate "2011.07.13"]
[EventType "tourn"]
[EventRounds "9"]
[EventCountry "ARG"]
[EventCategory "3"]
[SourceTitle "EXT 2014"]
[Source "ChessBase"]
[SourceDate "2013.11.20"]
[SourceVersion "1"]
[SourceVersionDate "2013.11.20"]
[SourceQuality "1"]

1. e4 e5 2. Nf3 Nc6 3. d4 exd4 4. Nxd4 Nf6 5. Nc3 Bb4 6. Nxc6 bxc6 7. Bd3 d5 8. exd5 cxd5 9. 0-0 0-0 10. Bg5 c6 11. Qf3 Be7 12. h3 Rb8 13. b3 Be6 14. Ne2 c5 15. Nf4 h6 16. Bxf6 Bxf6 17. Rad1 Bd4 18. Rde1 Qf6 19. Qg3 Bc3 20. Rd1 Be5 21. Nh5 Qg5 22. Qxg5 hxg5 23. f4 Bd4+ 24. Kh1 g6 25. Ng3 gxf4 26. Ne2 g5 27. Nxd4 cxd4 28. Rde1 Kg7 29. Kg1 Rfe8 30. Re2 Bd7 31. Rd1 Re3 32. Rf2 Rbe8 33. Bf1 R8e4 34. Rfd2 g4 35. Rxd4 Rxd4 36. Rxd4 gxh3 37. Rxf4 hxg2 38. Bxg2 Be6 39. Rd4 Re2 40. Bxd5 Bxd5 41. Rxd5 Rxc2 42. Ra5 Rc7 43. Kf2 Re7 44. b4 Kf6 45. b5 Ke6 46. Ra6+ Kd5 47. b6 axb6 1/2-1/2

[Event "Buenos Aires Grafica Yael-B 2nd"]
[Site "Buenos Aires"]
[Date "2011.07.14"]
[Round "2"]
[White "Real de Azua, Ernesto"]
[Black "Fabian, Gaston"]
[Result "0-1"]
[WhiteElo "2438"]
[BlackElo "2317"]
[PlyCount "42"]
[EventDate "2011.07.13"]
[EventType "tourn"]
[EventRounds "9"]
[EventCountry "ARG"]
[EventCategory "3"]
[SourceTitle "EXT 2014"]
[Source "ChessBase"]
[SourceDate "2013.11.20"]
[SourceVersion "1"]
[SourceVersionDate "2013.11.20"]
[SourceQuality "1"]

1. d4 Nf6 2. Bg5 Ne4 3. Bf4 c5 4. f3 Qa5+ 5. c3 Nf6 6. d5 Qb6 7. e4 Qxb2 8. Nd2 Qxc3 9. Bc7 d6 10. Rb1 Nfd7 11. Qa4 g6 12. Ne2 Qd3 13. Rb3 b5 14. Rxb5 Bh6 15. f4 0-0 16. h4 Bxf4 17. Nxf4 Qg3+ 18. Kd1 Qxf4 19. Kc2 Na6 20. Ba5 Nb6 21. Qa3 Bd7 0-1